| 000 | 00804nam a22002657a 4500 | ||
|---|---|---|---|
| 003 | CHAP | ||
| 005 | 20220329135121.0 | ||
| 008 | 971013s r 00010 d | ||
| 010 | _a31184 | ||
| 011 | _a32156 | ||
| 035 | _a36269 | ||
| 040 | _cCHAP | ||
| 090 | _aR-1486 | ||
| 100 | 0 | 0 |
_aCoursey, D. G. _928649 |
| 245 | _aPost-harvest losses in perishable tropical produce | ||
| 500 | _aSobretiro de: Proc. Insectic. Fungic. Conf., 6, 1971 pp. 673-682 | ||
| 590 |
_aBATCH-UPD _b10 _c20130110 _lUCH01 _h1200 |
||
| 590 |
_aBATCH-UPD _b10 _c20130410 _lUCH01 _h0743 |
||
| 590 |
_aBATCH-UPD _b10 _c20130914 _lUCH01 _h1052 |
||
| 590 |
_aCONVERSION _b10 _c20130109 _lUCH01 _h1318 |
||
| 650 | 1 | 4 |
_aCosechas _xPérdidas de. _928443 |
| 901 | _aBK | ||
| 942 | _cREIMP | ||
| 949 |
_aR-1486 _bBC _cR _d-83678 _eTS1 _i36269 _si |
||
| 999 |
_c31184 _d31184 |
||